Менеджмент 1.1: электронный курс
| Hovedforfatter: | |
|---|---|
| Institution som forfatter: | |
| Summary: | Заглавие с экрана В результате освоения дисциплины обучаемый должен обладать следующими общепрофессиональными компетенциями: владеть основами экономических и управленческих знаний; умением применять информационные технологии для решения различных управленческих задач; знать современными методами управления Доступ по логину и паролю |
| Sprog: | russisk |
| Udgivet: |
Томск, TPU Moodle, 2017
|
| Fag: | |
| Online adgang: | https://design.lms.tpu.ru/course/view.php?id=1854 |
| Format: | MixedMaterials Electronisk Bog |
| KOHA link: | https://koha.lib.tpu.ru/cgi-bin/koha/opac-detail.pl?biblionumber=666044 |
MARC
| LEADER | 00000nlm0a2200000 4500 | ||
|---|---|---|---|
| 001 | 666044 | ||
| 005 | 20231102030818.0 | ||
| 035 | |a (RuTPU)RU\TPU\network\37248 | ||
| 035 | |a RU\TPU\network\17354 | ||
| 090 | |a 666044 | ||
| 100 | |a 20211130d2017 m y0rusy50 ca | ||
| 101 | 0 | |a rus | |
| 102 | |a RU | ||
| 105 | |a a j 000zy | ||
| 135 | |a jrcn ---uucaa | ||
| 181 | 0 | |a i | |
| 182 | 0 | |a b | |
| 200 | 1 | |a Менеджмент 1.1 |e электронный курс |f О. В. Пожарницкая |g Национальный исследовательский Томский политехнический университет (ТПУ), Институт природных ресурсов (ИПР), Кафедра экономики природных ресурсов (ЭПР) | |
| 203 | |a Текст |c электронный | ||
| 210 | |a Томск |c TPU Moodle |d 2017 | ||
| 230 | |a Электрон. дан. | ||
| 300 | |a Заглавие с экрана | ||
| 330 | |a В результате освоения дисциплины обучаемый должен обладать следующими общепрофессиональными компетенциями: владеть основами экономических и управленческих знаний; умением применять информационные технологии для решения различных управленческих задач; знать современными методами управления | ||
| 333 | |a Доступ по логину и паролю | ||
| 606 | 1 | |a Менеджмент |2 stltpush |3 (RuTPU)RU\TPU\subj\42098 |9 61850 | |
| 610 | 1 | |a электронный ресурс | |
| 610 | 1 | |a труды учёных ТПУ | |
| 610 | 1 | |a электронное обучение | |
| 610 | 1 | |a электронные курсы ТПУ | |
| 610 | 1 | |a электронные учебные пособия | |
| 610 | 1 | |a дистанционное образование | |
| 610 | 1 | |a дистанционное обучение | |
| 610 | 1 | |a управленческие решения | |
| 610 | 1 | |a мотивация | |
| 610 | 1 | |a стимулирование | |
| 610 | 1 | |a управление персоналом | |
| 686 | |a У9(2)212я73 |2 rubbk | ||
| 700 | 1 | |a Пожарницкая |b О. В. |c экономист |c доцент Томского политехнического университета, кандидат экономических наук |f 1972- |g Ольга Вячеславовна |2 stltpush |3 (RuTPU)RU\TPU\pers\30204 | |
| 712 | 0 | 2 | |a Национальный исследовательский Томский политехнический университет (ТПУ) |b Институт природных ресурсов (ИПР) |b Кафедра экономики природных ресурсов (ЭПР) |h 3659 |2 stltpush |3 (RuTPU)RU\TPU\col\18668 |
| 801 | 2 | |a RU |b 63413507 |c 20220708 |g RCR | |
| 856 | 4 | |u https://design.lms.tpu.ru/course/view.php?id=1854 | |
| 942 | |c CF | ||